Principles and Practice of Management Accountancy (Record no. 484849)

MARC details
000 -LEADER
fixed length control field 00816nam a2200241Ia 4500
008 - FIXED-LENGTH DATA ELEMENTS--GENERAL INFORMATION
fixed length control field 100315s9999 xx 000 0 und d
020 ## - INTERNATIONAL STANDARD BOOK NUMBER
International Standard Book Number 0712116559 
040 ## - CATALOGING SOURCE
Transcribing agency ENGLISH 
082 ## - DEWEY DECIMAL CLASSIFICATION NUMBER
Item number 10115 
Classification number 658.154 
100 ## - MAIN ENTRY--PERSONAL NAME
Personal name "Brown, J. Lewis, Howard, Leslie R. "
245 ## - TITLE STATEMENT
Title Principles and Practice of Management Accountancy
250 ## - EDITION STATEMENT
Edition statement 3rd ed. 
260 ## - PUBLICATION, DISTRIBUTION, ETC. (IMPRINT)
Place of publication, distribution, etc London 
Name of publisher, distributor, etc ENGLISH LANGUAGE BOOK SOCIETY  
Date of publication, distribution, etc 1975 
300 ## - PHYSICAL DESCRIPTION
Extent "xii,756  "
365 ## - TRADE PRICE
Price note Rupees 
Unit of pricing
Price amount 0.00 
366 ## - TRADE AVAILABILITY INFORMATION
Publishers' discount category
530 ## - ADDITIONAL PHYSICAL FORM AVAILABLE NOTE
Availability source Donated By RBI Library  
620 ## -
-- "Principles and Practice of Management Accountancy, Management, RBI Book "
630 ## - SUBJECT ADDED ENTRY--UNIFORM TITLE
Uniform title Principles and Practice of Management Accountancy
650 ## - SUBJECT ADDED ENTRY--TOPICAL TERM
Topical term or geographic name as entry element MANAGEMENT 
730 ## - ADDED ENTRY--UNIFORM TITLE
Uniform title Principles and Practice of Management Accountancy
942 ## - ADDED ENTRY ELEMENTS (KOHA)
Koha item type Book
Holdings
Withdrawn status Lost status Damaged status Not for loan Home library Current library Date acquired Cost, normal purchase price Total Checkouts Full call number Barcode Date last seen Price effective from Koha item type
        Dr. V. N. Bedekar Institute of Management Studies Library Dr. V. N. Bedekar Institute of Management Studies Library 07/04/2009 0.00   658.154 /BRO/HOW  10115  VPMBRIMS-10115  03/19/2010 03/19/2010 Book